01273nam a2200325Ia 4500001001200000003000800012006001900020007001500039008004100054020001500095040002100110035002000131050002500151082001200176100002800188245011900216260003500335300002500370490003000395504006400425533015200489650002600641650002400667655002900691700003300720710001700753830003400770856012600804999001700930ebr10051215CaPaEBRm u cr cn|||||||||010307s2001 nyua sb 001 0 eng d z082479561X aCaPaEBRcCaPaEBR a(OCoLC)5104563514aQA274.4b.E64 2001eb04a6602131 aEnglezos, Peter,d1958-10aApplied parameter estimation for chemical engineersh[electronic resource] /cPeter Englezos, Nicolas Kalogerakis. aNew York :bM. Dekker,cc2001. axvii, 434 p. :bill.1 aChemical industries ;v81 aIncludes bibliographical references (p. 391-402) and index. aElectronic reproduction.bPalo Alto, Calif. :cebrary,d2009.nAvailable via World Wide Web.nAccess may be limited to ebrary affiliated libraries. 0aParameter estimation. 0aGaussian processes. 7aElectronic books.2local1 aKalogerakis, Nicolas,d1954-2 aebrary, Inc. 0aChemical industries ;vv. 81.40uhttp://site.ebrary.com/lib/rucke/Doc?id=10051215zAn electronic book accessible through the World Wide Web; click to view c76026d76026